NLL Teams Quiz - Statistics

General Stats
  • This quiz has been taken 89 times
    22 since last reset
  • The average score is 8 of 14
Answer Stats
Answer % Correct
Saskatchewan Rush
83%
Toronto Rock
78%
Buffalo Bandits
72%
Colorado Mammoth
67%
Georgia Swarm
67%
Ottawa Black Bears
67%
Oshawa Firewolves
61%
Calgary Roughnecks
56%
San Diego Seals
56%
Halifax Thunderbirds
50%
Rochester Knighthawks
50%
Vancouver Warriors
44%
Las Vegas Desert Dogs
33%
Philadelphia Wings
33%
No matching quizzes found
Score Distribution
Percent of People with Each Score
Percentile by Number Answered
Your Score History
You have not taken this quiz since the last reset